01258 2200229 4500001002100000005001500021035002000036245007000056100001800126300004000144700003000184260003000214082000800244084001400252020002200266650001400288520062800302008004100930990001900971990001900990990001901009INLIS00000000001491020251023095148 a0010-10250000501 aDasar fotografi :bcara cepet memahami fotografi /cTeguh Setiadi0 aTeguh Setiadi aviii, 104 hlm.; 23 cm. :bIlustrasi0 aPustri Christian (editor) aYogyakarta :bAndi,c2017 a770 a770 TEG d a978-979-29-6281-9 aFotografI aBuku Dasar Fotografi ini merupakan pedoman dalam melakukan kegiatan praktik memotret langsung. Buku ini dapat membantu kalangan umum sampai mahasiswa dalam mempersiapkan dan melaksanakan pengenalan teknik-teknik dasar kamera untuk pemotretan dengan lebih baik, terarah, dan terencana. Pada setiap topik telah ditetapkan tujuan paling mendalam mengenai penguasaan teknik pemotretan. Buku ini juga membahas semua kegiatan yang harus dilakukan dengan teknik kamera serta teori untuk memperdalam pemahaman mengenai materi yang dibahas. Buku ini lebih ditujukan untuk para pemula yang memiliki keinginan mendalami fotografi.251023 d 0 ind  a025.4369/PC/25 a025.4370/PC/25 a025.4371/PC/25